000 00889nam a2200217Ii 4500
003 JO-AjNU
008 230605s9999||||xx |||||||||||||| ||und||
020 _a978-1-56564-469-4
040 _aJO-AjNU
_bara
_erda
_cJO-AjNU
041 _aara
050 1 4 _aBP173.75.S3212 2011
100 3 _aشابرا، محمد عمر ؛ ترجمة محمود أحمد مهدي,
_eauthor
_952421
245 0 0 _aالرؤية الإسلامية للتنمية في ضوء مقاصد الشريعة
250 _aط1
264 3 1 _aلندن: المعهد العالمي للفكر الاسلامي، 2011
300 _a88ص
_bالمراجع ص 81-88
336 _atext
_btxt
_2rdacontent
337 _aunmediated
_bn
_2rdamedia
338 _avolume
_bnc
_2rdacarrier
650 4 _aالاسلام والاقتصاد- الاسلام والتنمية- الاسلام والاصلاح الاقتصادي
_952422
999 _aA23220
_c26788
_d26788